Loading...

Exceptional children : an introduction to special education

Bibliographic Details
Main Author: Heward, William L.
Format: Printed Book
Language:English
Published: Upper Saddle River, N.J. : Pearson Education/Merrill/Prentice Hall, c2006.
Edition:8th ed.
Subjects:
LEADER 00950 a2200217 4500
008 160726s9999 xx 000 0 eng d
020 |a 0131191705 
082 |a 371.90973  
100 1 |a Heward, William L., 
245 1 0 |a Exceptional children :  |b an introduction to special education   |c William L. Heward. 
250 |a 8th ed. 
260 |a Upper Saddle River, N.J. :  |b Pearson Education/Merrill/Prentice Hall,  |c c2006. 
300 |a xxiv, 1 v. (various pagings) : 
504 |a Includes bibliographical references and indexes. 
650 0 |a Exceptional children 
650 0 |a Special education 
906 |a 7  |b cbc  |c orignew  |d 1  |e ocip  |f 20  |g y-gencatlg 
942 |c REF 
955 |a pc11 to SSCD 2004-10-27;  |c sj11 2004-10-27;  |a aa05 2004-11-01  |a ps11 2005-05-05 bk rec'd, to CIP ver. 
999 |c 252096  |d 252096 
952 |0 0  |1 0  |4 0  |6 371_909730000000000_HEW_E  |7 0  |9 280774  |a PSY  |b PSY  |c REF  |d 2010-08-03  |g 0.00  |i 3575  |l 0  |o 371.90973 HEW/E  |p PSY3575  |r 2016-07-26  |w 2016-07-26  |y REF